000 00445nam a2200157Ia 4500
005 20250624013534.0
008 240331s9999 xx 000 0 und d
020 _a9559151010
082 _bHUS
_a352
100 _aHussain,M.S.M
245 0 _aPalath sabha saha ehi kriyakarithwaya
260 _aKandy
_bAra Deepa
_c1992
300 _aXXV, 242 P .,
500 _aAn explanation and analysis of the law relating to provincial Councils
942 _cL
999 _c5078
_d5078